Los fiscales de Chiloé: una ruta devocional

-д хадгалсан:
Номзүйн дэлгэрэнгүй
Үндсэн зохиолч: Barruel, Esteban (Зохиогч)
Формат: Ном
Хэл сонгох:испани
Хэвлэсэн: Santiago Orígenes 1997
Хэвлэл:1a. ed
Нөхцлүүд:
Шошгууд: Шошго нэмэх
Шошго байхгүй, Энэхүү баримтыг шошголох эхний хүн болох!

MARC

LEADER 00000nam a2200000 a 4500
001 UCS3752
003 CL-VaPUC
008 970711e19970200CL |||||||||||||||||spa|d
082 0 4 |a 262.15  |b BAR  |2 21 
100 0 |a Barruel, Esteban  |e author  |9 389903 
245 1 4 |a Los fiscales de Chiloé: una ruta devocional 
250 |a 1a. ed 
300 |a 267 p 
942 |c BK 
945 |d 19970711 00:00:00  |a rbrito 
260 |a Santiago  |b Orígenes  |c 1997 
500 |a Incluye fotografías y dibujos 
600 0 7 |a AMPUERO CUITIÑO, JOSE  |2 CL-VaPUC  |9 389904 
650 7 |a FISCALES CHILOTES  |2 CL-VaPUC  |9 389905 
650 0 |a Iglesia Católica  |9 256114 
650 0 |a Costumbres y tradiciones   |9 268292 
650 7 |a TRADICIONES POPULARES  |2 CL-VaPUC  |9 389906 
650 7 |a TRADICIONES RELIGIOSAS  |2 CL-VaPUC  |9 389907 
650 0 |a Sacramentos   |9 257270 
650 0 |a Folklore religioso  |9 389908 
650 0 |a Fuentes Históricas  |9 265141 
651 0 |a Chiloé  |9 265209 
651 0 |a Calbuco  |9 389909 
583 |a last modification  |c 19970711 00:00:00  |k Rodrigo Vera 
999 |c 261313  |d 261311 
952 |0 0  |1 0  |4 0  |6 262_150000000000000_BAR_1997  |7 0  |8 A  |9 288691  |a BIBEDU  |b BIBEDU  |d 2019-11-19  |i 3329690  |o 262.15 BAR 1997  |p 3329690  |r 2023-01-12  |w 2019-11-19  |y BK  |k MUS 
952 |0 0  |1 0  |4 0  |6 262_150000000000000_BAR_1997  |7 0  |8 A  |9 288692  |a BIBEDU  |b BIBEDU  |d 2019-11-19  |i 3329704  |o 262.15 BAR 1997  |p 3329704  |r 2023-01-12  |w 2019-11-19  |y BK  |k MUS 
952 |0 0  |1 0  |4 0  |6 262_150000000000000_BAR_1997  |7 0  |8 X  |9 288693  |a FDOMLP  |b FDOMLP  |d 2019-11-19  |i 3425649  |o 262.15 BAR 1997  |p 3425649  |r 2019-11-19  |w 2019-11-19  |y BK_X  |k BU2 
952 |0 0  |1 0  |4 0  |6 262_150000000000000_BAR_1997  |7 0  |8 X  |9 288694  |a FDOBUD  |b FDOBUD  |d 2019-11-19  |i 1021117  |o 262.15 BAR 1997  |p 1021117  |r 2019-11-19  |w 2019-11-19  |y BK_X  |k BUD